000 00572cam a22002171 4500
001 sa 67001370
003 DLC
005 20260227112322.0
008 900207s1962 ii c 000 0 hino
010 _asa 67001370
035 _a(OCoLC)21014610
040 _aDLC
_cWaU
_dDLC
042 _apremarc
050 0 0 _aPK2098.P32
_bZ555
100 1 _aBaccana,
_d1907-2003.
245 1 0 _aKaviyoṃ me saumya santa Sumitrānandana Panta.
260 _c[1962]
300 _a186, 132 p.
_bport.
_c19 cm.
546 _aIn Hindi.
600 1 0 _aPanta, Sumitrānandana,
_d1900-1977.
999 _c72576
_d72576